000 00755nam a2200229Ii 4500
003 JO-AjNU
008 230605s9999||||xx |||||||||||||| ||und||
017 _a2010/8/2830
020 _a978-9957-09-439-3
040 _aJO-AjNU
_bara
_erda
_cJO-AjNU
041 _aara
050 1 4 _aPJ7823.A56.A15 2011
100 3 _aتأليف فركوخ، إلياس,
_eauthor
_950223
245 0 0 _aالأعمال القصصية: من رأيته كان أنا
250 _aطبعة جديدة ومزيدة
264 3 1 _aعمان:أزمنة للنشر والتوزيع،2011
300 _a749ص
336 _atext
_btxt
_2rdacontent
337 _aunmediated
_bn
_2rdamedia
338 _avolume
_bnc
_2rdacarrier
650 4 _aالأدب العربي - قصص
_950224
999 _aA22110
_c25678
_d25678